ឌីណាមិចនៃទ្រង់ទ្រាយអាសូតមីនេរ៉ាល់និងផូស្វ័រចល័តក្នុងដីល្បាប់និងពាក់កណ្ដាលជាំទឹកក្នុងការដាំដុះកប្បាស (Record no. 27)
[ view plain ]
| 000 -LEADER | |
|---|---|
| fixed length control field | 00676nam a22001577a 4500 |
| 003 - CONTROL NUMBER IDENTIFIER | |
| control field | OSt |
| 005 - DATE AND TIME OF LATEST TRANSACTION | |
| control field | 20150905140438.0 |
| 008 - FIXED-LENGTH DATA ELEMENTS--GENERAL INFORMATION | |
| fixed length control field | 150905b xxu||||| |||| 00| 0 eng d |
| 040 ## - CATALOGING SOURCE | |
| Transcribing agency | RUA |
| 082 ## - DEWEY DECIMAL CLASSIFICATION NUMBER | |
| Classification number | AGR ប៊ុន1989 B001 Or.1 |
| 100 ## - MAIN ENTRY--PERSONAL NAME | |
| 9 (RLIN) | 28 |
| Personal name | ប៊ុនសារី |
| 245 ## - TITLE STATEMENT | |
| Title | ឌីណាមិចនៃទ្រង់ទ្រាយអាសូតមីនេរ៉ាល់និងផូស្វ័រចល័តក្នុងដីល្បាប់និងពាក់កណ្ដាលជាំទឹកក្នុងការដាំដុះកប្បាស |
| 260 ## - PUBLICATION, DISTRIBUTION, ETC. (IMPRINT) | |
| Place of publication, distribution, etc. | Phnom Penh |
| Name of publisher, distributor, etc. | RUA |
| Date of publication, distribution, etc. | 1989 |
| 300 ## - PHYSICAL DESCRIPTION | |
| Extent | 74p. |
| Other physical details | ill. |
| Dimensions | 29cm. |
| 942 ## - ADDED ENTRY ELEMENTS (KOHA) | |
| Source of classification or shelving scheme | |
| Koha item type | AGR |
No items available.